Entry Nombre personal
001 - NÚMERO DE CONTROL
- campo de control: 145526
003 - IDENTIFICADOR DE NÚMERO DE CONTROL
- campo de control: SpMaBN
005 - FECHA Y HORA DE LA ÚLTIMA TRANSACCIÓN
- campo de control: 20230620141520.0
008 - ELEMENTOS DE DATO DE LONGITUD-FIJA
- campo de control de longitud fija: 901120nn aijnnaabn a aaa
016 ## - NÚMERO DE CONTROL DE UNA AGENCIA BIBLIOGRÁFICA NACIONAL
- Número de control del registro: BNE19902193386
024 7# - IDENTIFICADOR DE OTROS ESTÁNDARES
- Número estándar o código: http://viaf.org/viaf/51710248/
- Fuente: viaf
024 7# - IDENTIFICADOR DE OTROS ESTÁNDARES
- Número estándar o código: https://isni.org/isni/000000010900361X
- Fuente: isni
024 7# - IDENTIFICADOR DE OTROS ESTÁNDARES
- Número estándar o código: http://www.wikidata.org/entity/Q55996416
- Fuente: wikidata
040 ## - FUENTE DE CATALOGACIÓN
- Centro catalogador/agencia de origen: SpMaBN
- Lengua de catalogación: spa
- Centro/agencia transcriptor: SpMaBN
- Normas de descripción: rdc
- Convención/Normas de encabezamiento de materia/tesauro: embne
- Centro/agencia modificador: ES-MaACL
046 ## - FECHAS CON CODIFICACIÓN ESPECIAL
- Fecha de nacimiento: 1941
100 1# - ENCABEZAMIENTO-NOMBRE DE PERSONA
- Nombre de persona: Abós, Álvaro,
- Fechas asociadas al nombre: 1941-
370 ## - LUGAR ASOCIADO
- Lugar de nacimiento: Argentina, Buenos Aires
- Fuente del término: embne
372 ## - CAMPO DE ACTIVIDAD
- Campo de actividad: Novelas
- Campo de actividad: Cuentos
- Fuente del término: tgfbne
372 ## - CAMPO DE ACTIVIDAD
- Campo de actividad: Literatura argentina
- Fuente del término: embne
374 ## - OCUPACIÓN
- Ocupación: Periodistas
- Ocupación: Escritores argentinos
- Fuente del término: embne
375 ## - GÉNERO/SEXO
- Género: Masculino
377 ## - IDIOMA ASOCIADO
- Término de lengua/lenguaje: Español
500 10 - TRAZADO DE VÉASE ADEMÁS--NOMBRE DE PERSONA
- Nombre de persona: Rose, Robert,
500 10 - TRAZADO DE VÉASE ADEMÁS--NOMBRE DE PERSONA
- Nombre de persona: Giscard, Denise,
663 ## - REFERENCIA COMPLEJA DE VÉASE ADEMÁS--NOMBRE
- Texto explicativo: Para obras de ete autor escritas bajo seudónimo, véase además:
- Encabezamiento referido a: Rose, Robert;
- Encabezamiento referido a: Giscard, Denise
670 ## - FUENTE DE DATOS ENCONTRADOS
- Cita de la fuente: El simulacro, 1993;
- Información encontrada: port. (Álvaro Abós) solapa (n. 1941 en Buenos Aires, ciudad en la que ha vivido siempre, salvo entre 1976 y 1983 en que estuvo exiliado en Barcelona; es periodista)
670 ## - FUENTE DE DATOS ENCONTRADOS
- Cita de la fuente: Libros españoles en venta 1983-84;
- Información encontrada: (Alós, Álvaro; seud.: Robert Rose, Denise Giscard)
670 ## - FUENTE DE DATOS ENCONTRADOS
- Cita de la fuente: WWW Escritores.org;
- Información encontrada: (Álvaro Abós nació el 20 de octubre de 1941 en Buenos Aires, Argentina. Es abogado y ha trabajado como asesor de sindicatos y abogado laboralista. En 1983 se exilió en Barcelona, donde empezó a dedicarse profesionalmente a la escritura. Ha colaborado en El Periódico, El País, El Periodista de Buenos Aires, Clarín. Escribe novela, relatos)
- Identificador Uniforme de Recursos: https://www.escritores.org/biografias/21396-abos-alvaro-
670 ## - FUENTE DE DATOS ENCONTRADOS
- Cita de la fuente: WWW Bn España aut., 20-6-2023;
- Información encontrada: (Abós, Álvaro, 1941-)
955 ## - CATALOGADOR - EDICIÓN
- Nombre del catalogador: Julia Mas Vieira
